000 00483nam a2200169Ia 4500
008 151021s9999 xx 000 0 und d
020 _a9.7800711113e+012
050 _aQA1543.B368 2008
245 _a_College Algebra with Trigonometry Raymond A. Barnett
250 _a18th ed.
260 _aNew York Mcgraw Hill 2008
300 _axxiv,959p.:ill
500 _aincludes index
650 _a_Algebra
700 _a_Michael R.Ziegler
980 _a^d20101209 12:19:38^okorir
999 _c5589
_d5589